02058nam a2200337 a 4500001001500000003001200015005001700027008004100044020003600085020003000121040000600151050001100157082002200168100001400190245004500204250001200249260004700261300002100308490004200329520044300371650003200814830004200846856008200888942001200970999001900982952014201001952014201143952014501285952014501430952014501575ASIN0071447830Nust- CAS-E20180118181353.0140211s2004 xxu eng d a0071447830 (hardcover)c$150.00 a9780071447836 (hardcover) c004aTK300104a621.319bPAB 20051 aPabla, A.10aElectric power distribution /cA. Pabla. a1st ed. a[S.l.] :bMcGraw-Hill Professional,c2004. a878 p. ;c24 cm.1 aMcgraw-hill professional engineering. aThe distribution of electric power is being roiled by new technologies, poor maintenance, and privatisation. This is a single-source reference book for power distribution, from planning fundamentals to preventing catastrophic failure (blackouts) to nuts-and-bolts maintenance. Aimed at working engineers, technicians, and graduate students, this wide-ranging book includes detailed examples and worked real world problems in each chapter. 0aElectric power distribution 0aMcgraw-hill professional engineering.403Amazon.comuhttp://www.amazon.com/exec/obidos/ASIN/0071447830/chopaconline-20 2ddccBK c355201d355201 00102ddc 4070aCAS-EbCAS-EcGENd2013-10-04eVictoria col0o621.319 PAB 2005pCAS-E0000049r2014-02-11t01v14801.00w2014-02-11yBK 00102ddc 4070aCAS-EbCAS-EcGENd2013-10-04eVictoria col0o621.319 PAB 2005pCAS-E0000050r2014-02-11t02v14801.00w2014-02-11yBK 00102ddc 40708NFICaCAS-EbCAS-EcGENd2013-04-23eAnas Tradersl0o621.319 PAB 2005pCAS-E0000313r2014-07-21t03v0.00w2014-07-21yBK 00102ddc 40708NFICaCAS-EbCAS-EcGENd2013-04-23eAnas Tradersl0o621.319 PAB 2005pCAS-E0000314r2014-07-21t04v0.00w2014-07-21yBK 00102ddc 40708NFICaCAS-EbCAS-EcGENd2013-04-23eAnas Tradersl0o621.319 PAB 2005pCAS-E0000315r2014-07-21t05v0.00w2014-07-21yBK